| 000 | 00590nam a22002057a 4500 | ||
|---|---|---|---|
| 003 | OSt | ||
| 005 | 20240614114809.0 | ||
| 008 | 240614b |||||||| |||| 00| 0 eng d | ||
| 020 | _a0198525621 | ||
| 040 | _cMUST | ||
| 082 | _a515.9 INT 2003 | ||
| 100 |
_aPriestley H.A. _93595 |
||
| 245 |
_aIntroduction to Complex Analysis/ _cPriestley H.A |
||
| 250 | _aSecond Edition. | ||
| 260 |
_aNew York, _bOxfort University, _c2003. |
||
| 300 |
_axii.,328p.: _bill; _c23.3cm. |
||
| 504 | _aIncludes Bibliographical Appendixes and indexes. | ||
| 650 |
_aMathimatics _917220 |
||
| 942 |
_2ddc _cO_SHELF |
||
| 999 |
_c8469 _d8469 |
||